000 00431nam a2200181Ia 4500
001 23619
005 20260414150949.0
008 260414t2016||||xx |||||||||||||| ||spa||
041 _aESP
082 _a670.42071
_bB83
100 _a\N
_eAUT
245 0 _aIndustrial engineering :
_bE review manual
260 _c2016
300 _avii, 430 páginas :
_c28 cm.
650 _aTCA
654 _aCII
942 _cLIB
_dJUS
_fJUS
_2ddc
_n
999 _c23619
_d23619